Normal view
MARC view
- Neurological disorders
Entry Uniform Title
001 - CONTROL NUMBER
- control field: 3232
003 - CONTROL NUMBER IDENTIFIER
- control field: NUST
005 - DATE AND TIME OF LATEST TRANSACTION
- control field: 20170711134521.0
008 - FIXED-LENGTH DATA ELEMENTS
- fixed length control field: 170711|| aca||aabn | a|a d
040 ## - CATALOGING SOURCE
- Original cataloging agency: NUST
- Transcribing agency: NUST
130 ## - HEADING--UNIFORM TITLE
- Uniform title: Neurological disorders
670 ## - SOURCE DATA FOUND
- Source citation: Work cat.: (NUST): Iltaf Ahmed 3231, TH-PHD-Mapping of genes involved in neurological disorders in Pakistani families., 2015
